000 nam a22 7a 4500
999 _c28618
_d28618
008 170309b xxu||||| |||| 00| 0 eng d
020 _a9781424078431
050 _aKF 889 .B87 2009
100 _d2009
245 _aBusiness law.
260 _aAustralia:
_bCencage learning,
_c2009.
300 _axxxiii,1085[279].p
942 _2lcc
_cBOOKS